| Tag |
First Indicator |
Second Indicator |
Subfields |
| LEADER |
00000cam a22000004a 4500 |
| 001 |
in00001850421 |
| 005 |
20151026070114.0 |
| 008 |
040409s2004 maua b 001 0 eng |
| 010 |
|
|
|a 2004047552
|
| 020 |
|
|
|a 1402078390 (hb)
|
| 035 |
|
|
|a (OCoLC)ocm55000288
|
| 040 |
|
|
|a DLC
|c DLC
|d C#P
|d TXA
|d UtOrBLW
|
| 042 |
|
|
|a pcc
|
| 049 |
|
|
|a TXAM
|
| 050 |
0 |
0 |
|a TK7887.6
|b .M87 2004
|
| 082 |
0 |
0 |
|a 621.39/732
|2 22
|
| 100 |
1 |
|
|a Murmann, Boris.
|
| 245 |
1 |
0 |
|a Digitally assisted pipeline ADCs :
|b theory and implementation /
|c by Boris Murmann and Bernhard E. Boser.
|
| 264 |
|
1 |
|a Boston :
|b Kluwer Academic Publishers,
|c [2004]
|
| 264 |
|
4 |
|c ©2004
|
| 300 |
|
|
|a xx, 155 pages :
|b illustrations ;
|c 25 cm.
|
| 336 |
|
|
|a text
|b txt
|2 rdacontent
|
| 337 |
|
|
|a unmediated
|b n
|2 rdamedia
|
| 338 |
|
|
|a volume
|b nc
|2 rdacarrier
|
| 504 |
|
|
|a Includes bibliographical references (pages [143]-151) and index.
|
| 650 |
|
0 |
|a Pipelined ADCs
|x Design and construction.
|
| 650 |
|
0 |
|a Metal oxide semiconductors, Complementary
|x Design and construction.
|
| 700 |
1 |
|
|a Boser, Bernhard E.
|
| 948 |
|
|
|a cataloged
|b h
|c 2004/6/22
|d c
|e rdavis
|f 3:30:59 pm
|
| 994 |
|
|
|a E0
|b TXA
|
| 999 |
|
|
|a MARS
|
| 999 |
f |
f |
|s 439df694-5cb1-308e-96e0-6df0b9512260
|i 6c88f514-fdd2-33ab-820e-61c6fd8c40ef
|t 0
|
| 952 |
f |
f |
|p normal
|a Texas A&M University
|b College Station
|c Sterling C. Evans Library
|d Evans: Library Stacks
|t 0
|e TK7887.6 .M87 2004
|h Library of Congress classification
|i unmediated -- volume
|m A14831959904
|
| 998 |
f |
f |
|a TK7887.6 .M87 2004
|t 0
|l Evans: Library Stacks
|